000 00284nam a2200109Ia 4500
008 230907s9999||||xx |||||||||||||| ||und||
082 _a660.2804
_bHAN
245 0 _aBretherick's Handbook of Reactive Chemical Hazards /
260 _aElsevier,
_c2017
300 _a1500 p.
942 _cBK
999 _c598390
_d598390